|
|
|
|
| LEADER |
00000nam0a2200000 4500 |
| 001 |
364942 |
| 005 |
20231102011734.0 |
| 035 |
|
|
|a (RuTPU)RU\TPU\retro\22305
|
| 090 |
|
|
|a 364942
|
| 100 |
|
|
|a 20211206d1981 m y0rusy50 ca
|
| 101 |
0 |
|
|a rus
|
| 102 |
|
|
|a RU
|
| 105 |
|
|
|a y j 000zy
|
| 200 |
1 |
|
|a Хрестоматия по истории французского языка
|e учебное пособие для вузов
|f Л. М. Скрелина
|
| 210 |
|
|
|a Москва
|c Высшая школа
|d 1981
|
| 215 |
|
|
|a 280 с.
|
| 606 |
1 |
|
|a Французский язык
|x Учебные руководства и пособия для вузов
|x Хрестоматии
|2 stltpush
|3 (RuTPU)RU\TPU\subj\16843
|9 42743
|
| 610 |
1 |
|
|a история
|
| 610 |
1 |
|
|a предистория
|
| 610 |
1 |
|
|a латынь
|
| 610 |
1 |
|
|a тексты
|
| 610 |
1 |
|
|a литературный язык
|
| 610 |
1 |
|
|a письменные тексты
|
| 610 |
1 |
|
|a 9 век
|
| 610 |
1 |
|
|a 10 век
|
| 610 |
1 |
|
|a 11 век
|
| 610 |
1 |
|
|a 12 век
|
| 610 |
1 |
|
|a 13 век
|
| 610 |
1 |
|
|a 14 век
|
| 610 |
1 |
|
|a 15 век
|
| 610 |
1 |
|
|a 16 век
|
| 610 |
1 |
|
|a 17 век
|
| 686 |
|
|
|a Ш147.11-923.8
|v LBC/SL-A
|2 rubbk
|
| 700 |
|
1 |
|a Скрелина
|b Л. М.
|g Луиза Михайловна
|
| 801 |
|
1 |
|a RU
|b 63413507
|c 20211206
|
| 801 |
|
2 |
|a RU
|b 63413507
|c 20230221
|g RCR
|
| 942 |
|
|
|c BK
|